000 00727nam a22002177a 4500
003 UA-OsUOA
001 76236
007 ta
008 20110621b un ||||| |||| 00| 0 ukr d
100 _aФалеева Е.В.
090 _a81
_bФ19
942 _cSA
040 _aUA-OsUOA
_brus
_cUA-OsUOA
_dUA-OsUOA
245 _aМорфологография фразеологии в толковом словаре английского языка
300 _aС.28-40
955 _a0
041 _arus
080 _a81
773 0 _w76234
_tВопросы филологических наук
_dМ.
_d2011
_g2
650 7 _a8 Мовознавство. Художня література. Літературознавство
_2UDC
999 _c362528
_d362528